000 00297nam a22001217a 4500
020 _a978-0-19-568359-2
082 _a658.3
100 _aAgarwala, Tanuja
245 _aStrategic Human Resource Management
260 _aNew Delhi:
_bOxford,
_c2007
300 _axiii, 801p.: ill.; 24cm
942 _cBK
999 _c22165
_d22165